00714nam a2200193 a 4500001000900000005001700009008004100026020001500067040001800082050002300100245014400123260005400267300002400321504004100345505005900386651002300445700003300468700001900501BRCA_68720190320203116.0950915s1994 mx-a---##b---s000-0#spa-# a968297478X aDLCcDLCdDLC 4aF1386.3b.E57 199410aEnsayos sobre la Ciudad de Méxicoccompilación Isabel Tovar de Arechederra, Magdalena Mas ; presentación Isabel Tovar de Arechederra. aMéxicobDepartamento del Distrito Federalc1994 a170 p.bil.c20 cm. aIncluye referencias bibliográficas0 aContenido: v.2. La muy noble y leal Ciudad de México 4aMéxicoxHistoria1 aTovar de Arechederra, Isabel1 aMas, Magdalena